60 Graus Este Países - Statistics

Estatísticas Gerais
  • Esse quiz foi jogado 25 vezes
  • A pontuação média é 15 de 20
Estatísticas das Respostas
graus país % Correto
Rússia
95%
Irão
89%
0.51° Afeganistão
84%
8.19° Índia
84%
11.43° Iraque
84%
0.87° Paquistão
84%
Turquemenistão
84%
4.33° Arábia Saudita
79%
Cazaquistão
79%
5.49° Iémen
79%
0.21° Omã
79%
9.66° Azerbaijão
74%
8.38° Catar
74%
Uzbequistão
74%
9.18° Bahrein
68%
3.62° Emirados Árabes Unidos
68%
8.59° Somália
68%
9.52° Madagáscar
53%
4.06° Seychelles
53%
2.15° Maurícia
37%
Nenhum quiz correspondente encontrado
Distribuição das Pontuações
Porcentagem de Pessoas com Cada Pontuação
Percentil de Números Respondidos
Sua Pontuação Histórica
Você não jogou esse quiz